000
00381 a2200169 4500
001
068859
003
OSt
005
20220326114405.0
008
082
_a
805
_b
M31S
100
1
_a
Manorama
245
1
_a
Manorama year book 2011
_c
by Manorama
260
_a
Delhi
_b
Manorama
_c
2011
300
_a
1039p.
653
_a
India
942
_2
ddc
_c
BK
999
_c
2500
_d
2500